000 00590nam a2200205 a 4500
001 BRCA_702
005 20190320203119.0
008 890930s1987 njua---##b---#001-0#eng-#
020 _a1850761108
040 _aDLC
_cDLC
_dDLC
050 4 _aNK1140
_b.A33 1987
100 1 _aAdams, Steven
_92313
245 1 0 _aThe Arts & Crafts Movement
_cSteven Adams.
260 _aLondres
_bThe Apple
_c1987
300 _a128 p.
_bil. (algunas a color)
_c29 cm.
500 _aIncluye índice alfabético
504 _aBibliografía: p. 126
650 1 4 _aArtes y movimiento artesanal
_92314
942 _2lcc
_cB
999 _c606
_d606